Stanley / (Record no. 816)

MARC details
000 -LEADER
fixed length control field 01009nam a22002897a 4500
005 - DATE AND TIME OF LATEST TRANSACTION
control field 20230710150552.0
020 ## - INTERNATIONAL STANDARD BOOK NUMBER
International Standard Book Number 0064440109 (pbk.) :
Terms of availability $3.50 ($4.75 Can.)
040 ## - CATALOGING SOURCE
Original cataloging agency DLC
Transcribing agency DLC
Modifying agency DLC
Language of cataloging eng
050 00 - LIBRARY OF CONGRESS CALL NUMBER
Classification number PZ7.H672
Item number Ss 1992
082 00 - DEWEY DECIMAL CLASSIFICATION NUMBER
Classification number 813.5
Edition number 20
100 1# - MAIN ENTRY--PERSONAL NAME
Personal name Hoff, Syd,
Dates associated with a name 1912-2004.
245 10 - TITLE STATEMENT
Title Stanley /
Statement of responsibility, etc. story and pictures by Syd Hoff.
250 ## - EDITION STATEMENT
Edition statement New Harper Trophy edition,1992.
260 ## - PUBLICATION, DISTRIBUTION, ETC.
Place of publication, distribution, etc. New York, N.Y. :
Name of publisher, distributor, etc. HarperTrophy,
Date of publication, distribution, etc. 1992.
300 ## - PHYSICAL DESCRIPTION
Extent 64 pages :
Other physical details color illustrations ;
Dimensions 22 cm.
500 ## - GENERAL NOTE
General note "Published in hardcover by HarperCollins"--T.p. verso.
505 ## - FORMATTED CONTENTS NOTE
Formatted contents note J <br/>
520 ## - SUMMARY, ETC.
Summary, etc. Chased away by the other cavemen because he is different, Stanley finds a new and better way of living.
521 ## - TARGET AUDIENCE NOTE
Target audience note 460 <br/>
Source Lexile <br/>
521 ## - TARGET AUDIENCE NOTE
Target audience note J
Source Raz-Plus <br/>
650 #1 - SUBJECT ADDED ENTRY--TOPICAL TERM
Topical term or geographic name entry element Prehistoric peoples
General subdivision Fiction.
650 #1 - SUBJECT ADDED ENTRY--TOPICAL TERM
Topical term or geographic name entry element Self-confidence
General subdivision Fiction.
906 ## - LOCAL DATA ELEMENT F, LDF (RLIN)
a 7
b cbc
c orignew
d 1
e ocip
f 19
g y-gencatlg
942 ## - ADDED ENTRY ELEMENTS (KOHA)
Source of classification or shelving scheme Dewey Decimal Classification
Koha item type Books
Suppress in OPAC No
999 ## -
-- 816
-- 816
Holdings
Withdrawn status Lost status Source of classification or shelving scheme Damaged status Not for loan Collection Home library Current library Shelving location Date acquired Total Checkouts Full call number Barcode Date last seen Date last checked out Copy number Price effective from Koha item type
    Dewey Decimal Classification     Fiction Footprints International School Library Network Toul Kork Campus Footprints International School Library Network Toul Kork Campus TK Primary Library Room(4th Floor), Bookcase 1&2, Shelves 1-16, Dark Blue Books 07/10/2023 1 HOF Fic 813.5 PZ7.H672 FISTK01132 01/12/2024 01/05/2024 1 07/10/2023 Books
    Dewey Decimal Classification     Fiction Footprints International School Library Network Toul Kork Campus Footprints International School Library Network Toul Kork Campus   07/10/2023   HOF Fic 813.5 PZ7.H672 FIS03534 09/12/2024   2 07/10/2023 Books